Romancero gitano

Bewaard in:
Bibliografische gegevens
Hoofdauteur: García Lorca, Federico
Formaat: Boek
Taal:Undetermined
Gepubliceerd in: México, Distrito Federal Pax-México 1943
Onderwerpen:
Tags: Voeg label toe
Geen labels, Wees de eerste die dit record labelt!

MARC

LEADER 00000nam a2200000Ia 4500
008 170316s9999 xx 000 0 und d
040 |a cru BVZT 
090 |a 862 G-13r 
100 |a García Lorca, Federico 
245 |a Romancero gitano 
260 |a México, Distrito Federal 
260 |b Pax-México 
260 |c 1943 
300 |a 160 páginas 
650 |a LITERATURA ESPAÑOLA 
999 |c 9883  |d 9883 
942 |c 15 D  |h 862 G-13r  |2 z